| 000 | 00388nam a2200145Ia 4500 | ||
|---|---|---|---|
| 999 |
_c14290 _d14290 |
||
| 008 | 260210s9999 xx 000 0 und d | ||
| 020 | _a9783944074528 | ||
| 082 | _a684.092 | ||
| 100 | _aSascha Bauer & Daniel Pauli | ||
| 245 | 4 | _aThe Joinery Compendium: Learning from Traditional Woodworking | |
| 260 |
_bRuby Press _c2024 |
||
| 260 | _c2024 | ||
| 300 | _a896 pages | ||
| 942 |
_cUG _2ddc |
||